书目信息 |
| 题名: |
复杂晶体化学键的介电理论及其应用
|
|
| 作者: | 张思远 著 | |
| 分册: | ||
| 出版信息: | 北京 科学出版社 2005 |
|
| 页数: | 180页 | |
| 开本: | 24cm | |
| 丛书名: | 21世纪科学版化学专著系列 | |
| 单 册: | ||
| 中图分类: | O742 | |
| 科图分类: | ||
| 主题词: | 晶体--化学键--介电性质 , 化学键 , 介电性质 , 晶体 | |
| 电子资源: | ||
| ISBN: | 7-03-015338-3 | |
| 000 | 01105nam0 2200313 450 | |
| 000 | 01113nam0 2200313 450 | |
| 000 | 01046nam0 2200289 450 | |
| 000 | 01009nam0 2200277 45 | |
| 005 | 20070528131654.67 | |
| 010 | @a7-03-015338-3@b精装@dCNY35.00 | |
| 100 | @a20070418d2005 em y0chiy0120 ea | |
| 101 | 0 | @achi |
| 102 | @aCN@b110000 | |
| 105 | @ay z 000yy | |
| 200 | 1 | @a复杂晶体化学键的介电理论及其应用@AFu Za Jing Ti Hua Xue Jian De Jie Dian Li Lun Ji Qi Ying Yong@f张思远著@FZhang Si Yuan Zhu |
| 210 | @a北京@c科学出版社@d2005 | |
| 215 | @a180页@d24cm | |
| 225 | 2 | @a 21世纪科学版化学专著系列 |
| 300 | @a中国科学院科学出版基金资助出版 | |
| 330 | @a本书详细地阐述了介电描述的晶体化学键理论和方法,特别是复杂晶体化学键的介电理论方法,并展示了高温超导化学键分析,晶体环境对晶体功能性质的影响等内容。 | |
| 410 | 0 | @12001 @a 21世纪科学版化学专著系列 |
| 606 | 0 | @a晶体@x化学键@x介电性质 |
| 606 | 0 | @a化学键 |
| 606 | 0 | @a介电性质 |
| 606 | 0 | @a晶体 |
| 690 | @aO742@v4 | |
| 701 | 0 | @a张思远@AZhang Si Yuan@f(1940.1~)@4著 |
| 801 | 0 | @aCN@bTAOJIN@c20070528 |
| 905 | @a10447@dO742@e5 | |
| 复杂晶体化学键的介电理论及其应用/张思远著.-北京:科学出版社,2005 |
| 180页;24cm.-( 21世纪科学版化学专著系列) |
| 中国科学院科学出版基金资助出版 |
| ISBN 7-03-015338-3(精装):CNY35.00 |
| 本书详细地阐述了介电描述的晶体化学键理论和方法,特别是复杂晶体化学键的介电理论方法,并展示了高温超导化学键分析,晶体环境对晶体功能性质的影响等内容。 |
| ● |
| 相关链接 |
|
|
|
|
正题名:复杂晶体化学键的介电理论及其应用
索取号:O742/5
 
预约/预借
| 序号 | 登录号 | 条形码 | 馆藏地/架位号 | 状态 | 备注 |
| 1 | 0523242 | 205232425 | 第二样本阅览室/ [索取号:O742/5] | 在馆 | |
| 2 | 0523243 | 205232434 | 第三借阅区/ [索取号:O742/5] | 在馆 | |
| 3 | 0523244 | 205232443 | 第三借阅区/ [索取号:O742/5] | 在馆 | |
| 4 | 0523245 | 205232452 | 第三借阅区/ [索取号:O742/5] | 在馆 | |
| 5 | 0523246 | 205232461 | 第三借阅区/ [索取号:O742/5] | 在馆 |